000 00259nam a2200109Ia 4500
005 20251222144634.0
008 251222s9999||||xx |||||||||||||| ||spa||
082 _a362.829.2/I59
245 0 _aLa Violencia Cotidiana en el PerĂº
264 _bINEI
942 _cLIB
999 _c16414
_d16414